इमोशनल इंटेलिजेंस (Record no. 396852)

MARC details
000 -LEADER
fixed length control field 00396 a2200133 4500
000 - LEADER
fixed length control field nam a22 7a 4500
100 ## - MAIN ENTRY--PERSONAL NAME
Personal name चड्ढा, एन. के.
110 ## - MAIN ENTRY--CORPORATE NAME
Corporate name or jurisdiction name as entry element चड्ढा, एन. के.
245 ## - TITLE STATEMENT
Title इमोशनल इंटेलिजेंस
250 ## - EDITION STATEMENT
Edition statement latest edition
260 ## - PUBLICATION, DISTRIBUTION, ETC.
Name of publisher, distributor, etc. The Readers Paradise
Date of publication, distribution, etc. 2026
264 ## - PRODUCTION, PUBLICATION, DISTRIBUTION, MANUFACTURE, AND COPYRIGHT NOTICE
Name of producer, publisher, distributor, manufacturer The Readers Paradise
Date of production, publication, distribution, manufacture, or copyright notice 2026
942 ## - ADDED ENTRY ELEMENTS (KOHA)
Koha item type Books
Holdings
Date last seen Total checkouts Barcode Cost, replacement price Price effective from Koha item type Lost status Source of classification or shelving scheme Damaged status Not for loan Withdrawn status Home library Current library Date acquired Source of acquisition Cost, normal purchase price
25/02/2026   438620 795.00 25/02/2026 Books   Dewey Decimal Classification       VIVEKANANDA LIBRARY VIVEKANANDA LIBRARY 25/02/2026 19 596.25
© Designed and Maintained by Vivekananda Library, MDU Rohtak